Struggle for world power 1500-1980 (Record no. 1079716)

MARC details
000 -LEADER
fixed length control field 00758nam a2200289Ia 4500
003 - CONTROL NUMBER IDENTIFIER
control field OSt
005 - DATE AND TIME OF LATEST TRANSACTION
control field 20221006144415.0
008 - FIXED-LENGTH DATA ELEMENTS--GENERAL INFORMATION
fixed length control field 221006b |||||||| |||| 00| 0 eng d
020 ## - INTERNATIONAL STANDARD BOOK NUMBER
International Standard Book Number 0333290879
020 ## - INTERNATIONAL STANDARD BOOK NUMBER
International Standard Book Number 9780333290873
037 ## - SOURCE OF ACQUISITION
Terms of availability Textual
040 ## - CATALOGING SOURCE
Original cataloging agency EASL
Transcribing agency EASL
Language of cataloging eng
041 ## - LANGUAGE CODE
Source of code eng
Language code of text/sound track or separate title eng
100 ## - MAIN ENTRY--PERSONAL NAME
Personal name WOODRUFF William
245 #0 - TITLE STATEMENT
Title Struggle for world power 1500-1980
260 ## - PUBLICATION, DISTRIBUTION, ETC.
Place of publication, distribution, etc. Hong Kong
Name of publisher, distributor, etc. Macmillan
Date of publication, distribution, etc. 1981
300 ## - PHYSICAL DESCRIPTION
Extent xv,372p.
Dimensions cm.
490 ## - SERIES STATEMENT
Volume/sequential designation Gen
650 ## - SUBJECT ADDED ENTRY--TOPICAL TERM
Topical term or geographic name entry element Gen
650 ## - SUBJECT ADDED ENTRY--TOPICAL TERM
Topical term or geographic name entry element Struggle - Power - World
9 (RLIN) 651904
942 ## - ADDED ENTRY ELEMENTS (KOHA)
Classification part V1.N80, M1
Koha item type Textual
Source of classification or shelving scheme Colon Classification (CC)
Holdings
Withdrawn status Lost status Source of classification or shelving scheme Damaged status Not for loan Home library Current library Date acquired Cost, normal purchase price Serial Enumeration / chronology Total Checkouts Full call number Barcode Date last seen Cost, replacement price Price effective from Koha item type
    Colon Classification (CC)     Department of East Asian Studies Library Department of East Asian Studies Library 2022-10-06 354.00 Gen   V1.N80 M1 EA0789220 2022-10-06 354.00 2022-10-06 Textual
Copyright @ Delhi University Library System